| 000 | 00618nam a2200181 i 4500 | ||
|---|---|---|---|
| 001 | 83938 | ||
| 003 | ES-MaACL | ||
| 005 | 20231226160947.0 | ||
| 007 | t| | ||
| 008 | 041118q1925 po ||||1| spa d | ||
| 100 | 1 |
_aIraizoz, Antonio. _965408 |
|
| 245 | 1 | 0 |
_aIdeología de José Martí : _bconferencia realizada no Salao Nobre do Teatro S. Carlos... 1925 / _cAntonio Yraizoz y de Villar. |
| 260 |
_aLisboa : _bEmilio Moraes : _bLa Bécarre, _c[1925?] |
||
| 300 |
_a39 p. ; _c20 cm. |
||
| 600 | 1 | 4 |
_aMartí, José, _d1853-1895- _xPensamiento político _9172014 |
| 852 |
_aES-MaACL _j1935-F-1 |
||
| 999 |
_c83938 _d83938 |
||